00954nam a22001457a 450000500170000000800410001702000180005805000150007610000030009124500980009426000310019230000180022350000220024150505450026320240718140413.0240718b ||||| |||| 00| 0 eng d a9780439560375 aLC3956.S76  aUnderstanding special education: A helpful handbook for classroom teacherscCynthia M. Stone  aNew YorkbScholasticc2005 a128 p.;c28cm aIncludes Appendix aContents: What are some challenges that students face? -- Traumatic brain injury -- ADD and ADHD -- Autism -- Asperger's syndrome -- Tourette syndrome -- Mental retardation -- Gifted and talented -- Partial hearing loss and deafness -- Low vision and blindness -- Speech and language disorders -- Physical disabilities and health impairment -- Emotional disturbance and/or behavioral disorders -- What do I need to know about the special education system? -- Background -- Eligibility -- Individual education plans (IEPs) -- Privacy issues.